|
|
|
|
| LEADER |
00559cam a2200169 7i4500 |
| 001 |
0000016739 |
| 005 |
20060105090000.0 |
| 020 |
0 |
0 |
|a 1352-0830
|
| 090 |
0 |
0 |
|a ANGL 330.9
|b ANG
|
| 245 |
0 |
0 |
|a Angola :
|b EIU country profile 2005.
|
| 260 |
0 |
0 |
|a London:
|b The Economist Intelligence Unit,
|c 2005.
|
| 300 |
# |
# |
|a 52 p.
|
| 650 |
0 |
0 |
|a Angola --
|x Country profile
|
| 651 |
0 |
0 |
|a Angola
|
| 999 |
|
|
|a SBH000371B
|b Book
|c Countries
|e MATRADE Sabah
|
| 999 |
|
|
|a PNG000380B
|b Book
|c Countries
|e MATRADE Northern Regional Office
|
| 999 |
|
|
|a B000018257
|b Book
|c Countries
|e Business Information Centre
|